000 00406nam a2200169Ia 4500
005 20240718002043.0
008 240331s9999 xx 000 0 und d
020 _a050027505X
082 _a200.042
_bMOO
100 _aMookergee, A
245 0 _aKali :
_bthe feminine force
260 _aLondon
_bThames and Hudson Ltd
_c1991
300 _a112 p .,
650 _aFeminine
650 _aSociety
942 _cL
999 _c793
_d793